| 000 | 02444nam a2200409 i 4500 | ||
|---|---|---|---|
| 001 | 000003750 | ||
| 003 | DO-SdBNP | ||
| 005 | 20250901080419.0 | ||
| 007 | ta | ||
| 008 | 090713s2005 dr ab r 001 0 spa d | ||
| 040 |
_aDO-SdBNP _bspa _cBNPHU |
||
| 041 | _asp | ||
| 082 |
_a362.5 _bF652p _222 |
||
| 245 | 0 | 0 |
_aFocalización de la pobreza en la República Dominicana 2005 : _binforme general / _cinvestigador y redactor Antonio Morillo Pérez ; investigadores Andrés Guerrero Arias, Yasiris Alcántara Rosario ; prólogo Carolina Anstey, Elema Martínez ; presentación Juan Temistocles Montás. |
| 264 |
_aSanto Domingo : _bPNUD; _bBanco Mundial, _c2005. |
||
| 300 |
_axxiv, 615 páginas : _bilustraciones, gráficas, mapas. ; _c22 cm. |
||
| 336 |
_ardacontent _btexto _2txt |
||
| 337 |
_ardamedia _bsin mediación _2n |
||
| 338 |
_ardacarrier _bvolumen _2nc |
||
| 500 | _aIncluye anexos | ||
| 500 | _aIncluye apéndice estadístico | ||
| 504 | _aBibliografía : p. 97-98 | ||
| 505 | 0 | _aLista de siglas -- Índice de cuadros -- Índice de gráficos -- Índice de mapas -- Prólogo -- Presentación -- Resumen ejecutivo -- Introducción -- Aspectos metodológicos -- Los datos -- Las variables iniciales y sus transformaciones -- Las variables y dimensiones del modelo -- Los coeficientes de ponderación de las variables y dimensiones -- El modelo de ponderadores del 2002 -- Categorización del índice de calidad de vida (ICV) -- Resultados del modelo -- El promedio del índice de calidad de vida (ICV) -- Análisis según categorías del ICV -- Priorización de las áreas geográficas -- Método de priorización -- Resultados de la priorización -- Las necesidades insatisfechas de los pobres -- Bibliografía -- Anexos -- Apéndice estadístico. | |
| 590 | _aInventariado, 2018/BT | ||
| 650 | 4 |
_aPobreza _xInvestigaciones _zRepública Dominicana _911409 |
|
| 650 | 4 |
_aPobreza _vESTADÍSTICAS _zRepública Dominicana _911410 |
|
| 651 | 4 |
_aRepública Dominicana _xCondiciones Sociales _946 |
|
| 700 | 1 | 2 |
_aMorillo Pérez, Antonio _911393 |
| 700 | 1 | 2 |
_aGuerrero Arias, Andrés _911394 |
| 700 | 1 | 2 |
_aAlcántara Rosario, Yasiris _911411 |
| 700 | 1 | 2 |
_aAnstey, Carolina, _epról. _911412 |
| 700 | 1 | 2 |
_aMartínez, Elena, _epról. _911413 |
| 700 | 1 | 2 |
_aMontás, Juan Temístocles _d1950- _979676 |
| 710 | 2 |
_aPrograma de las Naciones Unidas para el Desarrollo _9187 |
|
| 910 | _aValidado. Control de calidad. MMOLINA | ||
| 942 |
_2ddc _cLBS1 |
||
| 999 |
_c3572 _d3572 |
||